Music Quiz

Random Music Quiz

Members of Marky Mark & the Funky Bunch Quiz Stats

 Plays Quiz not verified by Sporcle

Support Sporcle.
Go Orange.
Score 0/5 Timer 05:00
0 Plays Today
Alias Name % Correct
Marky MarkMark Wahlberg
100%
Scottie GeeScott Ross
40.9%
Hector the Booty InspectorHector Barros
40.9%
DJ-TTerry Yancey
40.9%
Ashey AceAnthony Thomas
31.8%

You're not logged in!

Compare scores with friends on all Sporcle quizzes.
OR
Log In

From the Vault

Hidden Neighbors of France

by markassonne

Historically speaking, France's neighbors have tended not to hide from them.
Remove Ads.
Support Sporcle.
Get the best of Sporcle when you Go Orange. This ad-free experience offers more features, more stats, and more fun while also helping to support Sporcle. Thank you for becoming a member.

Show Comments

Extras

Created Feb 25, 2011ReportNominate
Tags:bunch, mark

Top Quizzes Today


Score Distribution

Your Account Isn't Verified!

In order to create a playlist on Sporcle, you need to verify the email address you used during registration. Go to your Sporcle Settings to finish the process.

Report this User

Report this user for behavior that violates our Community Guidelines.

Details: